D-DAY:The Turning point of WWII (Record no. 89375)
[ view plain ]
| 000 -LEADER | |
|---|---|
| fixed length control field | 00805nam a22002177a 4500 |
| 005 - DATE AND TIME OF LATEST TRANSACTION | |
| control field | 20141016172927.0 |
| 007 - PHYSICAL DESCRIPTION FIXED FIELD--GENERAL INFORMATION | |
| fixed length control field | CD |
| 008 - FIXED-LENGTH DATA ELEMENTS--GENERAL INFORMATION | |
| fixed length control field | 141016b xxu||||| |||| 00| 0 eng d |
| 010 ## - LIBRARY OF CONGRESS CONTROL NUMBER | |
| LC control number | DVD-8301 |
| 024 ## - OTHER STANDARD IDENTIFIER | |
| Standard number or code | 44560639284 |
| Terms of availability | 499.00 |
| 040 ## - CATALOGING SOURCE | |
| Original cataloging agency | DPL |
| 082 ## - DEWEY DECIMAL CLASSIFICATION NUMBER | |
| Classification number | BRI |
| 245 ## - TITLE STATEMENT | |
| Title | D-DAY:The Turning point of WWII |
| Statement of responsibility, etc | System Requrement |
| Medium | CD/ROM |
| 260 ## - PUBLICATION, DISTRIBUTION, ETC. (IMPRINT) | |
| Place of publication, distribution, etc | Delhi |
| Name of publisher, distributor, etc | BRI |
| Date of publication, distribution, etc | 2013 |
| 270 ## - ADDRESS | |
| Address | A-41,Ground Floor.(L-2) Mohan Cooperative,Main Mathura Road, |
| City | New Delhi |
| Country | India |
| 300 ## - PHYSICAL DESCRIPTION | |
| Other physical details | 1 disc |
| 440 ## - SERIES STATEMENT/ADDED ENTRY--TITLE | |
| Title | Profiles Series |
| 500 ## - GENERAL NOTE | |
| General note | Dozens of vivid photos of the solders and the generals tell the story in a way only picture can. |
| 942 ## - ADDED ENTRY ELEMENTS (KOHA) | |
| Source of classification or shelving scheme | Dewey Decimal Classification |
| Item type | CD-ROMs, DVDs, VHS |
| Call number suffix | BRI |
No items available.
